Sports Quiz

Random Sports or Baseball Quiz

MLB MVP Seasons Under .300 BA Quiz Stats

 Plays Quiz not verified by Sporcle

Challenge
Share
Tweet
Embed
Score 0/32 Timer 07:00
0 Plays Today
Batting Average Answer % Correct
0.297Jimmy Rollins
98%
0.287Mike Trout
97.6%
0.286Mike Schmidt
97.2%
0.290Mike Schmidt
97.2%
0.293Johnny Bench
95.6%
0.270Johnny Bench
95.6%
0.276Harmon Killebrew
94.8%
0.283Roger Maris
94.4%
0.269Roger Maris
94.4%
0.281Willie Stargell
94%
0.297Josh Donaldson
94%
0.298Reggie Jackson
91.3%
0.287Andre Dawson
91.3%
0.298Alex Rodriguez
91.3%
0.281Dale Murphy
90.9%
0.292Kris Bryant
89.7%
Batting Average Answer % Correct
0.290Kirk Gibson
88.9%
0.287Elston Howard
88.5%
0.291Kevin Mitchell
86.1%
0.294Yogi Berra
79.4%
0.297Boog Powell
78.6%
0.296Don Baylor
74.2%
0.299Maury Wills
65.5%
0.273Zoilo Versalles
59.5%
0.295Ken Boyer
58.3%
0.286Jackie Jensen
42.5%
0.270Hank Sauer
41.7%
0.267Marty Marion
34.5%
0.293Mickey Cochrane
30.6%
0.285Dolph Camilli
26.6%
0.294Roger Peckinpaugh
16.3%
0.293Bob O'Farrell
13.1%

You're not logged in!

Compare scores with friends on all Sporcle quizzes.
OR
Log In

You Might Also Like...

Show Comments

Extras

Top Quizzes Today


Score Distribution

Your Account Isn't Verified!

In order to create a playlist on Sporcle, you need to verify the email address you used during registration. Go to your Sporcle Settings to finish the process.

Report this User

Report this user for behavior that violates our Community Guidelines.

Details: